000 00665nam a2200277Ia 4500
005 20260324120425.0
008 008 260324s9999 xx 000 0 eng d
020 _a9781315601090
037 _aEBOOK
040 _aCRL
040 _beng
040 _cCRL
041 _2eng
041 _aeng
084 _qCRL
100 _aNina L. Molinaro
_91158511
245 0 _aPolicing Gender and Alicia Giménez Bartlett's Crime Fiction
260 _bTaylor and Francis
260 _c2015
365 _a
365 _b230
856 _uhttp://www.taylorfrancis.com/books/9781315601090
942 _cEBOOK
999 _c1750037
_d1750037